000 00697nam a2200253Ia 4500
003 OSt
005 20221006143403.0
006 a|||||r|||| 00| 0
007 ta
008 221006b |||||||| |||| 00| 0 eng d
020 _a0706976177
_c395.00
024 _a8,825
037 _cTextual
040 _aEASL
_cEASL
_beng
041 _2eng
_aeng
082 _aV42:1949G.N93, N4
100 _aHossain Syed Noor
_9649766
245 0 _aJapan
_b Not in the West
260 _aNew Delhi
_bVikas Publishing House Pvt. Ltd. India
_c1994
300 _a347p.
_ccm.
490 _v JEL
942 _hV42:1949G.N93, N4
_cTEXL
_2CC
999 _c1076911
_d1076911